Polymer-clay nanocomposites (Record no. 44105)

MARC details
000 -LEADER
fixed length control field 00439nam a2200169Ia 4500
020 ## - INTERNATIONAL STANDARD BOOK NUMBER
ISBN 0471637009
082 ## - DEWEY DECIMAL CLASSIFICATION NUMBER
Classification number 678-032.61
Item number PIN
100 ## - MAIN ENTRY--AUTHOR NAME
Personal name Beall, G W
245 #0 - TITLE STATEMENT
Title Polymer-clay nanocomposites
260 ## - PUBLICATION, DISTRIBUTION, ETC. (IMPRINT)
Place of publication England
Name of publisher John Wiley & Sons
650 ## - SUBJECT ADDED ENTRY--TOPICAL TERM
Topical Term Nanostructure materials
650 ## - SUBJECT ADDED ENTRY--TOPICAL TERM
Topical Term Polymer blends
650 ## - SUBJECT ADDED ENTRY--TOPICAL TERM
Topical Term Polymer composites
700 ## - ADDED ENTRY--PERSONAL NAME
Personal name Pinnavaia, T J
942 ## - ADDED ENTRY ELEMENTS (KOHA)
Koha item type Reference
Holdings
Withdrawn status Lost status Damaged status Not for loan Home library Current library Date acquired Source of acquisition Full call number Accession Number Koha item type
        RRII Library RRII Library 16/12/2021 Gift 678-032.61 PIN G00853 Books